000
00323nam a2200109Ia 4500
008
171211s9999 xx 000 0 und d
245
2
_a
A Tiger by the Tail: The Keynesian Legacy of Inflation
245
_c
Friedrich A. Hayek
260
_c
1979
650
_x
ECONOMICS
856
_u
http://down.ebook777.com/063/0932790062.pdf
999
_c
349574
_d
349574